Handbook of qs-9000 , tooling and equipment certification (Record no. 572683)

000 -LEADER
fixed length control field 00608nam a22001817a 4500
003 - CONTROL NUMBER IDENTIFIER
control field CEME
005 - DATE AND TIME OF LATEST TRANSACTION
control field 20210628203220.0
008 - FIXED-LENGTH DATA ELEMENTS--GENERAL INFORMATION
fixed length control field 210203b xxu||||| |||| 00| 0 eng d
020 ## - INTERNATIONAL STANDARD BOOK NUMBER
International Standard Book Number 0768005273
040 ## - CATALOGING SOURCE
Transcribing agency .
082 ## - DEWEY DECIMAL CLASSIFICATION NUMBER
Classification number 629.234 MOU
100 ## - MAIN ENTRY--PERSONAL NAME
Personal name Mouradian, George
9 (RLIN) 64037
245 ## - TITLE STATEMENT
Title Handbook of qs-9000 , tooling and equipment certification
260 ## - PUBLICATION, DISTRIBUTION, ETC.
Place of publication, distribution, etc. LONDON
Name of publisher, distributor, etc. NEWNES BUTTEROWRTH
Date of publication, distribution, etc. 2000
300 ## - PHYSICAL DESCRIPTION
Extent VIII, 241P
650 ## - SUBJECT ADDED ENTRY--TOPICAL TERM
Topical term or geographic name entry element QS-9000 TOOLING AND EQUIPMENT CERTIFICATION.QS-9000(STANDARD). INDUSTRIAL EQUIPMENT-CERTIFICATION. MACHINE TOOLS-DESIGN AND CONSTRUCTION. ,
9 (RLIN) 64038
942 ## - ADDED ENTRY ELEMENTS (KOHA)
Koha item type Book
Source of classification or shelving scheme
Holdings
Withdrawn status Lost status Damaged status Not for loan Permanent Location Current Location Shelving location Date acquired Total Checkouts Full call number Barcode Date last seen Price effective from Koha item type
        College of Electrical & Mechanical Engineering (CEME) College of Electrical & Mechanical Engineering (CEME) General Stacks 07/26/2017   629.234 MOU CEME-45836 06/28/2021 06/28/2021 Book
© 2023 Central Library, National University of Sciences and Technology. All Rights Reserved.